Neñcirukkumvarai / (Record no. 64255)
[ view plain ]
| 000 -LEADER | |
|---|---|
| fixed length control field | 00542cam a2200205 i 4500 |
| 001 - CONTROL NUMBER | |
| control field | sa 65005352 |
| 003 - CONTROL NUMBER IDENTIFIER | |
| control field | DLC |
| 005 - DATE AND TIME OF LATEST TRANSACTION | |
| control field | 20260227112137.0 |
| 008 - FIXED-LENGTH DATA ELEMENTS--GENERAL INFORMATION | |
| fixed length control field | 811103s1964 ii 00001 tamo |
| 010 ## - LIBRARY OF CONGRESS CONTROL NUMBER | |
| LC control number | sa 65005352 //r81 |
| 025 ## - OVERSEAS ACQUISITION NUMBER | |
| Overseas acquisition number | PL480:I-T-1112 |
| 050 0# - LIBRARY OF CONGRESS CALL NUMBER | |
| Classification number | PL4758.9.S47 |
| Item number | N4 |
| 100 10 - MAIN ENTRY--PERSONAL NAME | |
| Personal name | Shanmugam, R., |
| Dates associated with a name | 1926- |
| 245 10 - TITLE STATEMENT | |
| Title | Neñcirukkumvarai / |
| Statement of responsibility, etc. | Tākūrtācan̲. |
| 250 ## - EDITION STATEMENT | |
| Edition statement | [1. patippu]. |
| 260 0# - PUBLICATION, DISTRIBUTION, ETC. | |
| Place of publication, distribution, etc. | Cen̲n̲ai : |
| Name of publisher, distributor, etc. | Kuyilan̲ Patippakam, |
| Date of publication, distribution, etc. | [1964] |
| 300 ## - PHYSICAL DESCRIPTION | |
| Extent | 164 p. ; |
| Dimensions | 19 cm. |
| 500 ## - GENERAL NOTE | |
| General note | In Tamil. |
| 500 ## - GENERAL NOTE | |
| General note | A novel. |
No items available.